00382nam a22001457a 4500003000500000020001400005038001400019082001800033100001500051245003700066260004100103300001300144880003200157880004700189NUST cPaperback aM. Shaban a891.4911bRIA aRiaz Erum  aDardan dian patian /cRiaz Erum  aMultan :bJhoke Publications,c2011. a112 p. ; 6100-01\raریاض اِرم 6245-02\raدرداں دیاں پٹیاں /